MARC

LEADER 00000nam0a2200000 4500
001 211826
005 20231031192728.0
035 |a (RuTPU)RU\TPU\book\231421 
090 |a 211826 
100 |a 20120320d1969 k y0rusy50 ca 
101 1 |a rus  |c fre 
102 |a RU 
105 |a a z 001zy 
200 1 |a Общая топология. Топологические группы. Числа и связанные с ними группы и пространства  |e пер. с фр.  |f Н. Бурбаки 
210 |a Москва  |c Наука  |d 1969 
215 |a 392с.  |c ил. 
225 1 |a Элементы математики 
320 |a Библиогр. в конце глав. 
320 |a Указатели: с. 379-390. 
610 1 |a топология 
610 1 |a топологические группы 
610 1 |a вещественные числа 
610 1 |a числовые пространства 
610 1 |a однопараметрические группы 
610 1 |a проективные пространства 
610 1 |a аддитивные группы 
610 1 |a комплексные числа 
610 1 |a упражнения 
675 |a 515.1  |v 3 
700 1 |a Бурбаки  |b Н. 
801 1 |a RU  |b 63413507  |c 20120320 
801 2 |a RU  |b 63413507  |c 20140829  |g RCR 
942 |c BK